Update on women’s socio-economic rights in Nigeria
Guardat en:
| Autor principal: | |
|---|---|
| Format: | Llibre |
| Idioma: | anglès |
| Publicat: |
Shelter Rights Initiative Publishers
2002
|
| Etiquetes: |
Afegir etiqueta
Sense etiquetes, Sigues el primer a etiquetar aquest registre!
|
MARC
| LEADER | 00000nam a22000007a 4500 | ||
|---|---|---|---|
| 008 | 211222b ||||| |||| 00| 0 eng d | ||
| 100 | |a ONYEGU, Ray | ||
| 245 | |a Update on women’s socio-economic rights in Nigeria |c Ray Onyegu and Jimmy Essiet |g iv, 103p | ||
| 260 | |b Shelter Rights Initiative Publishers |c 2002 |h Lagos |i 694188 |l HQ1236.5 .N6On9 |m Women’s rights - Nigeria. |m Women - Nigeria - Social conditions. |m Women - Nigeria - Economic conditions. |m Essiet, Jimmy. | ||
| 942 | |a lcc |c BK |e IFATOLA J.O |f 22/12/2021 | ||
| 952 | |0 0 |1 0 |2 ddc |4 0 |7 0 |9 4041 |a HOL |b HOL |d 2022-01-06 |l 0 |r 2022-01-06 00:00:00 |w 2022-01-06 |y BK | ||
| 999 | |c 2017 |d 2017 | ||